AREDL - Demon list (29/06/24) - Statistics

General Stats
  • This quiz has been taken 14 times
  • The average score is 109 of 939
Answer Stats
TOP Nom % Correct
96 Silent Club
100%
1 Tidal Wave
100%
5 Abyss of Darkness
80%
2 Acheron
80%
930 Acu
80%
4 Avernus
80%
505 Bloodbath
80%
105 Bloodlust
80%
866 Cataclysm
80%
23 | 640 Codependence
80%
22 Edge of Destiny
80%
233 Erebus
80%
415 ErebuS
80%
11 Firework
80%
10 KOCMOC
80%
138 kowareta
80%
6 Kyouki
80%
15 LIMBO
80%
148 Plasma Pulse Finale
80%
925 Red World
80%
8 Sakupen Circles
80%
17 Saul Goodman
80%
3 Silent Clubstep
80%
7 Slaughterhouse
80%
202 Sonic Wave
80%
412 The Hell World
80%
13 The Lightning Rod
80%
391 Tunnel
80%
9 Tunnel of Despair
80%
26 walter white
80%
189 Wasureta
80%
210 Yatagarasu
80%
50 Zodiac
80%
146 Arctic Lights
60%
30 arcturus
60%
14 | 119 Deimos
60%
42 Delta
60%
295 Delta Interface
60%
819 Falling Up
60%
57 Fragile
60%
219 Generic Wave
60%
149 Gustavo Fring
60%
109 Jesse Pinkman
60%
54 Kenos
60%
12 MINUSdry
60%
177 Omega
60%
98 Omega Interface
60%
265 Paroxysm
60%
16 poocubed
60%
211 Rage
60%
731 Red World Rebirth
60%
123 Sigma
60%
19 Solar Flare
60%
32 Sonic Wave Infinity
60%
36 Tartarus
60%
39 The Golden
60%
21 The Hallucination
60%
676 The Hell Dignity
60%
430 The Hell Zone
60%
49 The Paroxysm of Rage
60%
145 The Yandere
60%
218 xo
60%
318 Yuh
60%
46 Aerial Gleam
40%
594 aftermath
40%
398 Anoxysm
40%
565 Artificial Ideology
40%
108 Asterios
40%
122 ATOMIC CANNON
40%
85 ATOMIC CANNON Mk II
40%
41 ATOMIC CANNON Mk III
40%
315 Black Blizzard
40%
478 Blade of Justice
40%
72 Calculator Core
40%
245 Chromatic Haze
40%
75 Cognition
40%
25 COMBUSTION
40%
558 Conical Depression
40%
76 Cosmic Cyclone
40%
55 Destruction 19
40%
497 Epsilon
40%
53 Esfera
40%
725 EX
40%
18 Eyes in the Water
40%
554 Frozen
40%
150 Frozen Cave
40%
178 Gamma
40%
51 Hard Machine
40%
90 | 929 Horros
40%
103 Kappa
40%
56 Keres
40%
300 Killbot
40%
229 Kuzureta
40%
313 Low Death
40%
24 Mayhem
40%
121 Moving Forward
40%
111 no jokes
40%
38 Oblivion
40%
293 Omicron
40%
135 Ouroboros
40%
137 Ourwa
40%
120 Pagoda
40%
466 Phobos
40%
91 Ragnarok
40%
69 Renevant
40%
169 Requiem
40%
472 Sakupen Hell
40%
79 SARY NEVER CLEAR
40%
86 Shardscapes
40%
89 | 709 Sides Of My Mind
40%
581 Sigma Interface
40%
201 Sonic Wave Rebirth
40%
161 Spectrum Cyclone
40%
240 Sunset Sandstorm
40%
65 SUPERHATEMEWORLD
40%
535 The Hell Bird
40%
393 The Hell Field
40%
216 The Hell Nutz
40%
446 The Hell Origin
40%
101 The Rupture
40%
27 UNKNOWN
40%
67 Widestep
40%
258 WOW
40%
212 X0
40%
566 A Bizarre Phantasm
20%
752 AcropoliX
20%
317 Aesthetic
20%
87 Akashic Records
20%
834 Allegiance
20%
78 Amalgam
20%
166 Aquatic Auroras
20%
118 Aronia
20%
488 Artifice
20%
324 Artificial Ascent
20%
705 Artificial Dream
20%
418 Athanatos
20%
126 Atmos
20%
395 Audio Expulsion
20%
639 Audio Extraction
20%
364 Auditory Breaker
20%
117 Awedsy
20%
532 Azure Fiesta
20%
347 Balengu Vortex
20%
343 Bausha Vortex
20%
332 BBBBBBBBBBBBBBBBBBBB
20%
716 BEELINE
20%
20 Belladonna
20%
333 Belloq
20%
354 Berserk
20%
480 Betrayal of Fate
20%
403 Boogie
20%
227 BRKMGB8GJCZ
20%
379 BuTiTi III
20%
374 Cadrega Mode
20%
453 Carnage Mode
20%
250 Celestial Force
20%
199 Cersia Madness
20%
131 Cicatrize
20%
113 CITRA
20%
44 Climax
20%
70 ConClusion
20%
99 Congregation
20%
423 Coolie Mazie Paloozi
20%
84 CORRODERE
20%
59 Crackhead Circles
20%
163 CRIDIUM
20%
68 Crimson Planet
20%
48 Critical Heat
20%
188 Cybernetic Crescent
20%
179 Dance of the Violins
20%
244 Dark Flare
20%
185 Dedohexdragon
20%
234 Delebit Oblivio
20%
938 Delirium Tremens
20%
281 Digital Descent
20%
246 Dimensional Breaking
20%
738 Draco Meteor
20%
262 Dreams
20%
132 DsinK
20%
192 Edge of the World
20%
517 ElectroLux
20%
643 Elite Z Rebirth
20%
452 EnvY
20%
92 Escape Room
20%
568 ETERNAL
20%
616 Eternal Dreams
20%
174 Eternal Moment
20%
677 Evangelion
20%
143 Excruciation Chamber
20%
278 FIREPOWER
20%
683 FirePower
20%
106 Fog
20%
151 Fragmented
20%
139 FRIDAY
20%
272 Friday Vortex
20%
371 Furious Flames
20%
458 Fusion Z
20%
714 Glide
20%
206 GONER
20%
116 Gracefully
20%
370 Hatred
20%
679 Heartbeat
20%
860 Hidden in the Sand
20%
768 HURRICANE
20%
182 Hyper Paracosm
20%
839 HyperSonic
20%
223 Icotact
20%
543 Idols
20%
431 Infernal Abyss
20%
187 Iris of a Puppeteer
20%
37 Jigsaw
20%
102 Jupiter My Favourite
20%
555 Le Fishe
20%
469 Le Midd Mapperoonies
20%
331 lodin da fish washer
20%
442 MadMansion
20%
623 Maybe Possibly Thing
20%
428 memories
20%
94 | 754 me when machine gang
20%
427 Microsoft DriveThru
20%
35 Midnight
20%
321 Missing Benefits
20%
228 Molten Core
20%
204 Molten Gear
20%
507 Monstercat
20%
518 MOTOR MOGOK
20%
443 Mystic
20%
939 Mystic Bounds
20%
208 Necromancer
20%
696 NecropoliX
20%
47 NETWORK
20%
180 network
20%
401 NetzWerk
20%
60 NEUTRA
20%
129 Nhelv
20%
329 Ouroboros Startpos 2
20%
625 Panasonic
20%
100 | 366 Pandemonium
20%
603 Plasma Pulse III
20%
357 Prisma
20%
557 Prismatic Haze
20%
61 Promethean
20%
29 PSYCHOPATH
20%
736 Pumped Up Kicks
20%
306 Quantum Dynamix
20%
330 Quantum Processing
20%
225 Quantum Theory
20%
337 | 572 Quaoar
20%
270 Raisins
20%
160 RAM
20%
175 RANDOM ACCESS MEMORY
20%
340 Rate Demon
20%
254 RELENTLESS
20%
154 REPENTLESS
20%
289 RGB
20%
861 robotchief exposal
20%
226 rosedynamix
20%
492 Ruler of Everything
20%
83 RUST
20%
88 RUTHLESS
20%
33 SARYYX NEVER CLEAR
20%
207 Sephiroth
20%
205 Shmarley Ville
20%
43 Shukketsu
20%
474 Silentium Gradas
20%
31 Sinister Silence
20%
193 Sink
20%
323 SnowFall Fiesta
20%
181 Spacial Rend
20%
344 Spectrum Rave
20%
282 Stalemate Redux
20%
297 Step To Hell
20%
167 Storming Summit
20%
264 Stygian Machinery
20%
399 SubSonic
20%
257 super probably level
20%
294 Tempered Steel
20%
52 Terminal Rampancy
20%
110 Terminux
20%
144 Th3Dev0n
20%
630 The Antimatter
20%
104 The Art of the Blade
20%
283 TheCinnyBun
20%
567 The Hell Factory
20%
451 The Hell Inferno
20%
237 The Reaper
20%
184 the wiener
20%
63 Thinking Space
20%
93 TORN
20%
636 TORNADO
20%
77 Trotil
20%
369 TURN THE LIGHTS OFF
20%
112 Twilight
20%
459 Untitled
20%
130 untitled unmastered
20%
801 Uprise
20%
296 vaenstep
20%
40 Verdant Landscape
20%
142 Visible Ray
20%
342 Void Wave
20%
520 water demon
20%
147 WORSTBRAINMAP
20%
140 XRAY
20%
231 Xronier
20%
285 ZAPHKIEL
20%
365 Ziroikabi
20%
381 Ziroikapi
20%
560 1330X
0%
389 2 1 1
0%
672 4Elements
0%
729 4ucked Up
0%
882 8o X
0%
907 9blue
0%
628 A2Marbl
0%
426 Abandoned Planet
0%
291 ABEL
0%
808 ABSURDIA
0%
665 Acrozis
0%
419 Adrenaline
0%
450 Advanced Airstream
0%
484 Advent Aurora
0%
444 | 853 aether
0%
618 Agen Wida
0%
905 Air Tech
0%
157 AKIRA
0%
838 Aksion
0%
835 Alcatraz
0%
479 Alpha Baa X
0%
241 Altered Ascent
0%
253 ameliorate
0%
496 Anahita
0%
473 Ancestral Calamity
0%
876 Ancien Travel
0%
578 Annihilation Nation
0%
741 Another Phase
0%
893 Anya III
0%
775 any percent
0%
617 APEX
0%
277 Apollo 11
0%
658 Apparition
0%
564 Arctic Arena
0%
715 Armageddon
0%
914 Artificial Climb
0%
222 ASHES
0%
456 Asmodeus
0%
386 Astral Divinity
0%
514 Astrophobia
0%
528 ATMarbl
0%
498 Atmosphere
0%
550 Aura
0%
699 Aureole
0%
563 Aurora
0%
710 Aurorae
0%
298 Auroral Darkness
0%
632 AUX cord
0%
803 Awakening Horus
0%
519 | 894 Azurite
0%
806 Backlights
0%
726 Ballistic Funk
0%
311 | 912 Bang Gang
0%
511 Barbaros Finale
0%
115 BarbarosFinaleFinale
0%
310 | 913 Based Gang
0%
232 Basil
0%
349 Bass Cave
0%
652 Betelgeuse
0%
191 Bete Noire
0%
405 Betrayal of Destiny
0%
176 Beyond Hell
0%
829 Beyond the summit
0%
482 Biohazard
0%
280 Bitcrusher
0%
302 Black Flag
0%
787 BLACKLIGHTS
0%
574 Blue Suns Zenith
0%
865 Booh
0%
870 Boreas
0%
718 Breakout
0%
411 Breakout Redux
0%
881 Brimtanic Paradise
0%
777 Broken Signal
0%
647 BROWNOIX
0%
576 burn to dust
0%
224 BuZzKiLl
0%
773 BYE
0%
284 Cadrega City
0%
156 Calamity
0%
571 Callisto
0%
804 Carbon
0%
494 Carcano
0%
856 Castling
0%
261 Catalyze
0%
622 Cat Planet
0%
465 Caution
0%
541 cave of heart
0%
759 cerebral hemorrhage
0%
922 Cerebral Torment
0%
217 Cersia Difficulty
0%
682 Ch1ll Puddy
0%
701 CholeriX
0%
621 ChopStep
0%
155 CHROMA FINALE
0%
378 CHROMA II
0%
685 Chub Chub
0%
847 CICADA3302
0%
583 Circuit Breaker
0%
850 Clock tower
0%
674 cloudscape
0%
580 Cluttered Confusion
0%
66 Cold Sweat
0%
358 Collapse
0%
183 Collect All Pets
0%
596 Complementary Cruise
0%
654 Concaved Memories
0%
259 ConFusion
0%
136 CONNECT
0%
171 ConTroller
0%
107 Coral Cave
0%
551 corrupted volume
0%
820 Cosmic Cluster
0%
209 Cosmic Ray
0%
868 Cosmorush 21
0%
842 court circuit
0%
397 Crippled Depression
0%
734 Cromulent
0%
841 Crowd Control
0%
336 Crystal
0%
649 Crystal Crusher
0%
727 Cupid
0%
433 Curie
0%
789 Cyberstorm
0%
770 CYCLONE
0%
602 cytokinesis
0%
34 Damascus
0%
799 Dance Til Dawn
0%
447 DARKENED
0%
877 Dark Odyssey
0%
817 Dark Rivalry
0%
854 Daybreak
0%
689 Daydream
0%
247 Ddiamond
0%
28 Deadlier Clubstep
0%
345 Death
0%
899 Decay
0%
795 Deception Dive
0%
592 Deflective
0%
301 Demonicat
0%
521 DEOGEN
0%
97 Descent Into Exile
0%
339 DESOLATE
0%
859 Devils Disco
0%
255 Devil Vortex
0%
390 devoid
0%
609 Digital Disarray
0%
816 Diligence
0%
463 Dimension Breaker
0%
74 DIRECTIONS
0%
441 Disaster Dive
0%
717 Disastrous Downpour
0%
619 Disentombed
0%
891 Dismal Duststorm
0%
666 Dismay
0%
852 Disruption
0%
350 distraught
0%
383 DMG CTRL
0%
288 Dole Damos
0%
392 Dolos
0%
889 Doop
0%
818 doradura
0%
537 Down Bass
0%
504 Dream City
0%
880 Dreamer
0%
325 Dualies
0%
248 DubKore X
0%
733 Dumbest Girl Alive
0%
141 Dump
0%
902 Duplication
0%
421 Dusker Processing
0%
152 Dust Bowl
0%
527 Ecstasy
0%
544 ECSTASY
0%
316 Edelweiss
0%
214 Edge of the Blade
0%
305 Effect II
0%
159 EGO KILLING
0%
595 EKO
0%
577 Electric Forest
0%
434 Eleos
0%
197 ELLIPSISM
0%
662 Elliptic Curve
0%
783 Empanadas Fugaces
0%
606 EMPTINESS
0%
559 Empyrean
0%
348 EnCrypted
0%
429 Endless Dream
0%
645 Endurance
0%
671 Enlightened memories
0%
510 ENTROPY
0%
641 Eon
0%
585 Esencia
0%
363 eternal entropy
0%
352 Ethereal Artifice
0%
549 Ethereal Entity
0%
570 EVENT HORIZON
0%
786 Evil Depths
0%
735 Exotic Energy
0%
471 EXPLICIT
0%
848 Explosion
0%
582 Extinction
0%
432 Fabricated Thoughts
0%
303 Fabrication
0%
286 Factory Realm X
0%
414 Faded Dream
0%
822 Faith
0%
460 Falcon16
0%
675 Falling Maze
0%
897 Falsch
0%
134 Farthest Outpost
0%
534 FAULTY CODE
0%
593 Fellow Phobia
0%
837 Ferrum Frenzy
0%
164 Fever Dream
0%
693 Fexty
0%
273 FIFTY THREE
0%
935 Final Epilogue
0%
695 Fingerdash v3
0%
874 FinKor
0%
810 FISH FISH GODMODE
0%
917 Flappy Dynamix II
0%
573 FLOAT
0%
575 Floating Maze
0%
320 Floating Outskirts
0%
338 Flyway
0%
885 Forbidden Isle
0%
260 Framework
0%
266 Freedom08
0%
916 Freedom16
0%
464 Freedom19
0%
413 Free For All 2
0%
742 Frenzy
0%
739 Frightful Melody
0%
58 Frost Spirit
0%
213 FusionDynamix
0%
308 Future Chaos
0%
638 FUTURE DEMON MACHINE
0%
420 Galactic Shift
0%
509 Game Over
0%
740 Gaming
0%
796 GANGIMARI
0%
546 Gang Plank Hell
0%
678 gardening map
0%
375 Gateway
0%
238 GBS
0%
769 Generic Glow Level
0%
312 | 772 Gentlemens Clique
0%
661 GEODE
0%
490 GewErbiX
0%
516 Glacial Torrent
0%
840 GLISTEN
0%
394 Glitched Memories
0%
763 gloss
0%
334 Glowy
0%
586 Goldcrest Palace
0%
195 Golden Club
0%
712 Graphite World
0%
600 GridLocked
0%
650 Grill Kill
0%
898 Hades
0%
664 Halberd
0%
158 Hardry
0%
495 Hateful Reflection
0%
719 headlock
0%
744 Heart Attack
0%
668 Heat Wave
0%
533 Heavens Door
0%
892 Helios
0%
529 HELIX
0%
486 help
0%
919 High Heat
0%
708 Hopping Over Puddles
0%
416 hot rod
0%
800 Hydratic
0%
722 Hydraulic Overdrive
0%
252 Hyperchaos
0%
376 Hyper Paradox
0%
867 IDOL19
0%
553 i hate renn
0%
407 i hate you
0%
402 ikaros
0%
362 Illusion
0%
802 ILOVECYAN
0%
275 IMAPHONE
0%
723 Impasse
0%
279 inanimate INSANITY
0%
523 Incandescent
0%
844 Incipient
0%
747 I NEVER DREAM
0%
203 Infinite Iniquity
0%
691 INFLAMMABLE INFUSION
0%
545 Inflective
0%
597 INNARDS
0%
931 Insaction
0%
328 Insane Techniques
0%
825 Instant Execution
0%
80 | 230 Instinct
0%
536 INTO PETALS
0%
918 Ion
0%
721 iridium
0%
878 it back
0%
437 Ithacropolis
0%
128 IthacropoliX
0%
267 Jamboree
0%
906 JeonGi
0%
843 Just DANCE
0%
598 Karma
0%
424 Kinetic Bypass
0%
631 KINGSLAYER
0%
165 Kjdf8314jlfssf
0%
125 Knights of Thunder
0%
911 Komodo
0%
797 KUB
0%
304 La Cueva
0%
697 La Llorona
0%
653 laranja azul rosa
0%
813 Last Station
0%
483 Last Stop
0%
271 Lateral Myst
0%
95 Launchpad Labyrinth
0%
634 Libertas
0%
814 Lights Out
0%
846 Light Travel
0%
629 limitless
0%
704 Lonely Lights
0%
196 Loochiverse
0%
748 loop
0%
539 Loose Screws
0%
890 Lost Love
0%
761 Lotus
0%
62 Lotus Flower
0%
368 lovel
0%
263 Lucid Chaos
0%
82 Lucid Nightmares
0%
198 LUMINA
0%
309 Luxtra
0%
190 Macabre
0%
526 maddening
0%
904 Make It Dop
0%
475 Malevolent Maelstrom
0%
702 Malware II
0%
805 Mandragora
0%
610 Manic Machine
0%
633 Marathon
0%
845 Marlboro reds
0%
438 Masochism
0%
753 Matilda the Machine
0%
642 Mecha Mayhem
0%
908 Me Lin A
0%
858 MELTDOWN
0%
910 memories III
0%
687 Metalic Destruction
0%
538 Metal Requiem
0%
322 Mind Control
0%
525 MINIMUM
0%
635 Mirage
0%
172 Mirrored Calamity
0%
849 Miscellaneous Memory
0%
327 MISFIRE
0%
373 miss you
0%
932 Misty Mountains
0%
728 Mjolnir
0%
503 Molten Mercury
0%
513 moment
0%
396 MONSTROSITY
0%
524 Motorbreath
0%
404 Mujigae
0%
688 Myocardia
0%
408 My Worst Demon Level
0%
611 N0
0%
766 Napalm
0%
500 neighborhood
0%
562 Nemesis
0%
934 Neon Guts
0%
680 Neon Mixtape Tour
0%
124 Neon Skyline
0%
599 NeRUaL
0%
360 Neurostasis
0%
346 Never Beat It
0%
162 nevermore
0%
377 New Record
0%
624 Niflheim
0%
862 niflhel
0%
793 NIGHTLIGHTS
0%
335 Nightmare Chasm
0%
815 night party
0%
326 Night Rider
0%
239 Nightshade
0%
659 Ninobytte
0%
923 niwa
0%
612 No Ember
0%
604 Novalis
0%
626 Novasphere
0%
644 nowdead
0%
221 Nunri
0%
883 Obscura
0%
314 Occult Outcry
0%
170 of Ambrosia
0%
920 Ogue
0%
508 Omorfia
0%
774 On1y Cub3
0%
764 Once Again
0%
448 OneAttempt
0%
531 OOPZ
0%
439 OPSM1
0%
830 Our Fountain
0%
713 Out of Chaos
0%
235 OVERKILL
0%
896 Overlord
0%
587 Overtime
0%
809 OXI
0%
757 PAINFUL PLAYLAND
0%
895 Paralysis
0%
767 Party Rock Anthem
0%
884 Penombre
0%
589 Penultimate Phase
0%
851 phantasmagoria
0%
921 Phantasmagoria
0%
547 phosphorescent
0%
268 Photovoltaic II
0%
274 Pingas21
0%
607 Pitfall Caverns
0%
879 Place
0%
127 Ploink
0%
811 PLUS ULTRA
0%
826 Polish Alphabet
0%
502 Poltergeist Reborn
0%
319 Polygonal Paradox
0%
356 poocu4ever
0%
750 Pound Town
0%
341 Power Grid
0%
936 Precipitance
0%
873 Proteus
0%
493 PROTOFLICKER
0%
743 Psychotic
0%
791 pulsation
0%
591 PURE VALE
0%
613 QDYNAMIX
0%
64 qoUEO
0%
794 Quadratic Function
0%
290 RAINBOW GIRL
0%
903 Raindance
0%
435 RASH
0%
823 Rayovac
0%
355 Reactor Core
0%
926 Realtered
0%
901 Reanimate
0%
730 Reaper Lair
0%
698 Recrystallize
0%
765 Redemption Arc
0%
243 reeses potentially
0%
692 Reflective
0%
485 Remember
0%
454 Removed Submission
0%
807 Retention
0%
236 Retention Rush
0%
875 Reunite
0%
778 reverence
0%
855 Robi
0%
781 RTX ON
0%
417 ruber cash 22
0%
186 Ryft
0%
133 SAND SAILOR
0%
491 Sapphire Angel
0%
724 sarthix
0%
114 Sazerix
0%
81 Scream Machine
0%
367 SECTOR 19
0%
792 Semicolon 3
0%
915 Sephtis
0%
194 Sewers
0%
637 Shape of the Sun
0%
540 SHATTER
0%
470 Shibui
0%
73 shimmer
0%
872 Shimmering Chamber
0%
552 Shinigami
0%
425 Shock Breaker
0%
406 Shock Therapy
0%
909 Shotgun
0%
468 Showdown
0%
746 Shukufuku
0%
168 Shutdown
0%
937 SIGSEGV
0%
215 Silentium Clavas
0%
410 SINGULARITU
0%
530 Siniristi
0%
351 Sinister Incision
0%
684 Skrrah
0%
71 Sky Shredder
0%
798 Sky tech
0%
694 SL8O
0%
782 SMASH
0%
888 Snowdrift
0%
601 Snowfall Storm
0%
512 Sodium
0%
299 Solarion
0%
605 Solstice
0%
737 SorryForPartyRocking
0%
173 Sparkling
0%
388 Spectrum Split
0%
422 SPEEDRUN
0%
287 Spingtime
0%
276 Spirit House
0%
785 stand in the snow
0%
353 Static Ignition
0%
831 Stellaluna
0%
307 Stereo Extremeness
0%
361 STICKS FOR BONES
0%
886 STRATUS
0%
755 SUBVERSIVE
0%
660 sunburn
0%
501 Sunk
0%
499 Supercharged
0%
477 super kontik
0%
515 SUPERMAYOHATECLUB
0%
449 Supreme Demon Mix
0%
384 Surge of Memories
0%
387 Surge of the Shield
0%
663 Swirling Serenity
0%
651 Synergy
0%
481 Sysmique Locked
0%
153 SZYSLAK
0%
933 TANTRUM
0%
251 Tapwreck
0%
440 TeaM Z
0%
756 Tech Manifestation
0%
506 Techno Flashes
0%
561 Tempest Tornado
0%
584 Tenebris
0%
200 Tenochtitlan
0%
457 Tenth Circle
0%
871 TerrorCore
0%
608 Tesseract Force
0%
400 The Cellar Path
0%
455 The First
0%
827 The Flawless
0%
832 The Lost Existence
0%
249 The Mainframe
0%
269 The Moon Below
0%
461 The Old Trail
0%
359 The Sulphur Sea
0%
784 The Tears Beneath
0%
857 The Ultimate Demon
0%
776 The Ultimate Phase
0%
556 Thorny Path
0%
771 Thunder Alphabet
0%
242 Thunderzone
0%
686 Time Pulse
0%
256 Timor
0%
220 Titan Complex
0%
887 Torgue
0%
657 Torsion
0%
681 Totem
0%
579 To The Blue Moon
0%
669 To the Exosphere
0%
707 To The Stars II
0%
656 TREMORS
0%
487 Triadic Trials
0%
614 Triple Six
0%
924 troll level
0%
760 TROLLMACHINE
0%
711 Tron
0%
45 Trueffet
0%
762 TUAPEKA
0%
445 Turbulent Valley
0%
467 Twilight Coexistence
0%
646 Twisted Tranquility
0%
928 Twitch Denan
0%
627 U235
0%
833 UltraSans
0%
372 ULTRA VIOLET
0%
522 Under lavaland
0%
648 Unearthed
0%
569 Universe on fire
0%
864 Unknown Civilization
0%
590 Up and Down
0%
779 Uplink
0%
812 Vacant
0%
462 VendetTa
0%
863 verisimilitude
0%
824 Vermilion
0%
292 very rusty pipeline
0%
720 Vexatious
0%
828 Vignette
0%
732 Violently X
0%
927 Virtual Collapse
0%
673 VIRTUE
0%
409 Vivacious
0%
703 Vociferous
0%
836 Voided
0%
380 Voltage
0%
542 Voltaic
0%
745 Volume
0%
758 Wacky McWhackface v2
0%
548 Want Me
0%
690 Warning
0%
588 WaveBreaker
0%
615 We Are Not The Same
0%
620 Welcome To GD News
0%
670 Welcome to you mind
0%
790 White Noise
0%
476 Wild Rose
0%
655 Wind Storm
0%
869 Wintertime
0%
821 Witching Hour
0%
385 Worse Trip
0%
751 wtf
0%
700 Xeriscape
0%
436 xuser morelike luser
0%
900 XxXxXxXxXxX
0%
667 YeeSangHaeYo
0%
706 Yggdrasil
0%
749 Zenith
0%
788 Zettabyte
0%
382 Zinhwa
0%
780 ZOOOOOOOOOOOOOOOOOOM
0%
489 Zurb
0%
No matching quizzes found
Score Distribution
Percent of People with Each Score
Percentile by Number Answered
Your Score History
You have not taken this quiz